000 00551nam a2200193Ia 4500
003 GCL
008 140319s9999 xx 000 0 eng d
040 _aGCL /
_cGCL
082 0 4 _a620.00153
_bK P
100 1 _aKADIYALI, L.R.
245 1 0 _aPRINCIPLES AND PRACTICE OF HIGHWAY ENGINEERING /
_cKADIYALI, L.R.
260 _a[S.N] :
_bKAANNA TECH PUBLICATIONS ،
_c1989
300 _a813 P
650 0 4 _aHIGHWAY CAPACITY
650 0 4 _aTRAFFIC ENGINEERING
650 0 4 _aTRANSPORTATION ENGINEERING
650 0 4 _aHIGHWAY ENGINEERING
942 _2ddc
_cBK
999 _c20106
_d20106